000 00626nam a2200217Ii 4500
003 JO-AjNU
008 230606s9999||||xx |||||||||||||| ||und||
020 _a978-0-470-46603-2
040 _aJO-AjNU
_beng
_erda
_cJO-AjNU
041 _aeng
050 1 4 _aQA76.73.2010
100 3 _a Omura, George. ,
_eauthor
_9785
245 0 0 _a Mastering AutoCAD 2011 and AutoCAD LT 2010 George Omura. 
250 _a4 ed
264 3 1 _aWiley Publishing,2010
300 _a1184p
336 _atext
_btxt
_2rdacontent
337 _aunmediated
_bn
_2rdamedia
338 _avolume
_bnc
_2rdacarrier
650 4 _a Computer graphics. 
_9786
999 _aE414
_c414
_d414